| 000 | 01111cac a22002771u 4500 | ||
|---|---|---|---|
| 090 | _c3916 | ||
| 008 | 090108t 1998xxu||||| |||| 00| 0 eng d | ||
| 010 | _a 97035096 | ||
| 020 | _a0471170674 (cloth : alk. paper) | ||
| 035 | _a(DLC) 97035096 | ||
| 082 | 0 | 0 |
_a658.0546 _bGOL |
| 100 | _aGoldman, James E. | ||
| 245 | 1 | 0 |
_aApplied data communications : _ba business-oriented approach / _cJames E. Goldman. |
| 250 | _a2nd ed. | ||
| 260 |
_aNew York : _bJ. Wiley, _cc1998. |
||
| 300 |
_axiv, 663 p. : _bill. ; _c27 cm. |
||
| 500 | _aIncludes index. | ||
| 650 | 0 | _aElectronic data interchange. | |
| 650 | 0 |
_aBusiness enterprises _xCommunication systems. |
|
| 650 | 0 | _aData transmission systems. | |
| 650 | 0 | _aComputer networks. | |
| 856 | 4 |
_3Table of Contents _uhttp://www.loc.gov/catdir/toc/onix03/97035096.html |
|
| 856 | 4 |
_3Publisher description _uhttp://www.loc.gov/catdir/enhancements/fy0706/97035096-d.html |
|
| 942 |
_cBB _k658.0546GOL _2ddc |
||
| 999 |
_c3916 _d3916 |
||